000 00270nam a2200121 a 4500
005 20141022142006.0
008 080922s19uu xx 00 eng d
050 _aVCD
_bN68 1996
245 _aThe nice guy.
650 _aVCD.
650 _aThe nice guy.
942 _cAVM
999 _c276499
_d276499